McGraw-Hill encyclopedia of science technology. Vol.4

Bewaard in:
Bibliografische gegevens
Formaat: Boek
Taal:Undetermined
Gepubliceerd in: New York McGraw-Hill 1966
Onderwerpen:
Tags: Voeg label toe
Geen labels, Wees de eerste die dit record labelt!
Thư viện lưu trữ: Trung tâm Học liệu Trường Đại học Cần Thơ
LEADER 00443nam a2200157Ia 4500
001 CTU_26180
008 210402s9999 xx 000 0 und d
082 |a 503 
082 |b M113/Vol.4 
245 0 |a McGraw-Hill encyclopedia of science technology. Vol.4 
260 |a New York 
260 |b McGraw-Hill 
260 |c 1966 
650 |a science - dictionaries 
904 |i Minh, 981010 
980 |a Trung tâm Học liệu Trường Đại học Cần Thơ